1297 1458 1481 1554 1358 1580 1277 1111 1928 1264 1476 1355 1485 1883 1719 1259 1272 1268 1634 1243 1559 1108 1699 1226 1703 1507 1527 1832 1721 1587 1709 1456 1563 1735 1548 1188 1801 1943 1516 1126 1660 1397 1495 1198 1944 1656 1630 1634 1837 1389 1345 1491 1874 1646 1603 1609 1406 1448 1234 1117 1431 1830 1886 1253 1833 1107 1219 1324 1032 1483 1742 1898 1096 1048 1993 1508 1940 1483 1803 1548 1379 1813 1255 1691 1106 1924 1264 1995 1167 1692 1209 1583 1538 1974 1803 1976 1178 1780 1925 BCNSPRNW ULIB Ver.6.0+V

เปลี่ยนเป็นภาษาไทย

Change to English
 แสดงรายละเอียดบรรณานุกรม
  กลับหน้าหลัก

Brief Record : Get Marc (ISO 2709) : E-mail record : QR code < ปิดหน้าต่าง
LEADER : 00000nam 2200000uu 4500
001    13399122208
003     ULIB
008    130111s2554||||th 000 0 tha d
020    ^a9786167164731
050 4  ^aBF1486.T5^bฟ257ย
100 0  ^aเฟรด, เจสัน
245 00 ^aยกเครื่องความคิด/^cเฟรด, เจสัน,เขียน,^cอาสยา ฐกัดกุล
260    ^aกรุงเทพฯ:^bวีเลิร์น;^c2554.
300    ^a287 หน้า:;^c14 ซม.
650  7 ^aความคิด
700 0  ^aแฮนสัน, ฮีนีมเมอร์ เดวิด
945    ^p180^l0^i19666
995    ^aกัณชพร
999    ^aกัณชพร
รายการนี้ยังไม่มีแท็ก
คุณยังไม่ได้ล็อกอิน คุณสามารถมีกิจกรรมร่วมกับเว็บไซต์ได้ แต่ต้องล็อกอินก่อน ::
  ล็อกอิน

รายการสื่อสารสนเทศ

ลำดับที่ ประเภท เลขเรียก/บาร์โค้ด สถานที่ สถานะ
1. การศึกษาทั่วไป
การศึกษาทั่วไป
BF1486.T5 ฟ257ย  
  Barcode: 19666
ห้องสมุดวิทยาเขตสวรรค์ประชารักษ์
►หนังสือทั่วไป
บนชั้น

รายการใกล้เคียง
    ผู้แต่ง [เฟรด, เจสัน]

    หัวเรื่อง [ความคิด]

BibComment


ยังไม่เคยถูกคอมเมนท์

คอมเมนท์ทรัพยากรรายการนี้
  คอมเมนท์: ยกเครื่องความคิด..


 Copyright 2026. Bcnsprnw @Library